| 000 | 00402nam a22001697a 4500 | ||
|---|---|---|---|
| 999 |
_c12838 _d12838 |
||
| 008 | 250923b 2021 ||||| |||| 00| 0 eng d | ||
| 020 | _a9788195028764 | ||
| 082 |
_a620.1 _bPRA |
||
| 100 | _aPrasad, I. B. | ||
| 245 | _aApplied mechanics | ||
| 260 |
_aDelhi _bKhanna Publishers _c2021 |
||
| 300 | _a252pgs | ||
| 650 | _aLaws of Forces | ||
| 650 | _aMoment | ||
| 650 | _aFriction | ||
| 942 | _cBB | ||